Представление документа в формате RUSMARC

ПолеНазваниеЗначение
  Тип записи a
  Библиографический уровень m
001 Контрольный номер RU/УГОНБ/EK/15552
005 Дата корректировки 20260414125700.1
100 Данные общей обработки __
a Данные общей обработки 20260414d1864 u u0rusy0189 ca
101 Язык документа 1_
a Язык текста rus
c Язык оригинала ger
102 Страна публикации __
a Страна публикации RU
105 Кодированные данные (монография) __
a Кодированные данные (монография) y z 000yy
200 Заглавие и сведения об ответственности 1_
a Заглавие История философии
e Сведения, относящиеся к заглавию перевод с немецкого, с пятого издания
f Первые сведения об ответственности [Соч.] Д-ра Альберта Швеглера
g Последующие сведения об ответственности под редакцией П. Д. Юркевича
203 Вид содержания и тип средства __
a Вид содержания Текст
b Характеристика содержания визуальный
c Тип средства непосредственный
210 Выходные данные 1_
a Место издания Москва
c Издательство Изд. Р. Ульянинского
d Дата издания 1864 -
700 Автор _1
a Фамилия Швеглер
b Имя (инициалы) А.
g Полное личное имя Альберт
702 Вторичная интеллектуальная ответственность _1
a Фамилия Юркевич
b Имя (инициалы) П. Д.
4 Код отношения 340
801 Источник записи _0
a Страна RU
b Организация Ульяновская ОНБ
c Дата составления 20260414
g Правила каталогизации PSBO
801 Источник записи _1
a Страна RU
b Организация Ульяновская ОНБ
c Дата составления 20260414
901 Тип документа __
t Тип документа v